Sociología médica / (Record no. 49178)
[ view plain ]
| 000 -CABECERA | |
|---|---|
| campo de control de longitud fija | 00820nam a22002417a 4500 |
| 003 - IDENTIFICADOR DEL NÚMERO DE CONTROL | |
| campo de control | DO-SdBNP |
| 005 - FECHA Y HORA DE LA ÚLTIMA TRANSACCIÓN | |
| campo de control | 20250625122223.0 |
| 008 - DATOS DE LONGITUD FIJA--INFORMACIÓN GENERAL | |
| campo de control de longitud fija | 201123b 1981 dr 00| 0 eng d |
| 040 ## - FUENTE DE LA CATALOGACIÓN | |
| Centro catalogador/agencia de origen | DO-SdBNP |
| Lengua de catalogación | spa |
| Centro/agencia transcriptor | BNPHU |
| 082 #4 - NÚMERO DE LA CLASIFICACIÓN DECIMAL DEWEY | |
| Número de clasificación | xx |
| Número de documento/Ítem | V331s |
| Número de edición | 22 |
| 100 1# - ENTRADA PRINCIPAL--NOMBRE DE PERSONA | |
| Nombre de persona | Vasco Uribe, Alberto |
| 9 (RLIN) | 77352 |
| 245 10 - MENCIÓN DE TÍTULO | |
| Título | Sociología médica / |
| Mención de responsabilidad, etc. | Alberto Vasco Uribe. |
| 260 ## - PUBLICACIÓN, DISTRIBUCIÓN, ETC. | |
| Lugar de publicación, distribución, etc. | Santo Domingo : |
| Nombre del editor, distribuidor, etc. | SESPAS, |
| Fecha de publicación, distribución, etc. | 1981. |
| 300 ## - DESCRIPCIÓN FÍSICA | |
| Extensión | 174 p. ; |
| Dimensiones | 21 cm. |
| 490 0# - MENCIÓN DE SERIE | |
| Mención de serie | Salud y sociedad. |
| 500 ## - NOTA GENERAL | |
| Nota general | Incluye referencias bibliográficas y notas al pie de las páginas |
| 504 ## - NOTA DE BIBLIOGRAFÍA, ETC. | |
| Nota de bibliografía, etc. | Bibliografía : p. 109-114 |
| 590 ## - NOTA LOCAL (RLIN) | |
| Nota local | Inventariado, 2020 /LP<br/><br/> |
| 650 #4 - PUNTO DE ACCESO ADICIONAL DE MATERIA--TÉRMINO DE MATERIA | |
| Término de materia o nombre geográfico como elemento de entrada | Medicina social |
| 9 (RLIN) | 19663 |
| 710 1# - PUNTO DE ACCESO ADICIONAL--NOMBRE DE ENTIDAD CORPORATIVA | |
| Nombre de entidad corporativa o nombre de jurisdicción como elemento de entrada | República Dominicana. |
| Unidad subordinada | Secretaria de Estado de Salud Pública y Asistencia Social (2001) |
| 9 (RLIN) | 56549 |
| 910 ## - DATOS DE OPCIÓN DEL USUARIO (OCLC) | |
| Datos de opción del usuario | Lopérez |
| 942 ## - ELEMENTOS DE PUNTO DE ACCESO ADICIONAL (KOHA) | |
| Fuente del sistema de clasificación o colocación | Dewey Decimal Classification |
| Tipo de ítem Koha | Libro |
| Estado de retiro | Estado de pérdida | Fuente del sistema de clasificación o colocación | No para préstamo | Código de colección | Localización permanente | Ubicación/localización actual | Ubicación en estantería | Fecha de adquisición | Fuente de adquisición | Total de préstamos | Signatura topográfica completa | Código de barras | Fecha visto por última vez | Precio válido a partir de | Tipo de ítem Koha |
|---|---|---|---|---|---|---|---|---|---|---|---|---|---|---|---|
| Dewey Decimal Classification | Excluido de préstamo | Monografías: Libros y Folletos | Biblioteca Nacional Pedro Henríquez Ureña | Patrimonio Dominicano | Depósito | 23.11.2020 | Donado / Luis Beiro Álvarez | BNPHU PD V331s | 2021-27334 | 23.11.2020 | 23.11.2020 | Libro |
